00434nam a22001457a 450000500170000000800410001702000340005804100130009208200130010510000130011824500420013126000580017330000310023165000260026220240620143657.0240620b |||||||| |||| 00| 0 eng d a9781405719506 ; 9780406996435 aEnglish  a349 LAW  lEnglish  aThe All England Law Reports: Reprint  aLondon: bButterworth and Co. Publisher Ltd, c2007  bxix, 1278 pages; c25 cm.  aLegal practice bLaw